Normal view
MARC view
Entry Topical Term
001 - CONTROL NUMBER
- control field: 17407
003 - CONTROL NUMBER IDENTIFIER
- control field: OSt
005 - DATE AND TIME OF LATEST TRANSACTION
- control field: 20240618092530.0
008 - FIXED-LENGTH DATA ELEMENTS
- fixed length control field: 240618|| aca||aabn | a|a d
040 ## - CATALOGING SOURCE
- Original cataloging agency: OSt
- Transcribing agency: OSt
150 ## - HEADING--TOPICAL TERM
- Topical term or geographic name entry element: Calcul infinitรฉsimal
670 ## - SOURCE DATA FOUND
- Source citation: Work cat.: (OSt)8585: Banner, Adrian D., 1975- 17405, The calculus lifesaver :, 2007.
